00640nam a2200193Ia 4500952014100000999001700141003000400158005001700162008004100179020001500220040000900235082001800244100002400262245004200286250001200328260005500340300000900395942004200404 00102ddc40708EDUCATIONaMESbMEScEDUCATIONd2019-02-20g295.00l0o370.78 BES/Rp13829r2019-02-20 00:00:00w2019-02-20yBKzGL40R4 c19481d19481OSt20200609154620.0190216s9999||||xx |||||||||||||| ||und|| a0876922280 coclc a370.78bBES/R aBest, John W 92714 0aResearch In Education /c John W Best a4th Ed. bPrentice Hall Of India Pvt Ltd,c1983.aNew Delhi: a431p cBK2ddch370.78iBES/Rk370.78mBES/R